Vista normal Vista MARC

Entrada Topical Term

Número de registros utilizados en: 1

001 - CONTROL NUMBER

  • control field: 9304

003 - CONTROL NUMBER IDENTIFIER

  • control field: OSt

005 - DATE AND TIME OF LATEST TRANSACTION

  • control field: 20200826160939.0

008 - FIXED-LENGTH DATA ELEMENTS

  • fixed length control field: 200826|| aca||aabn | a|a d

040 ## - CATALOGING SOURCE

  • Original cataloging agency: OSt
  • Transcribing agency: OSt

150 ## - HEADING--TOPICAL TERM

  • Topical term or geographic name entry element: Educación de niños
  • General subdivision: metodología

670 ## - SOURCE DATA FOUND

  • Source citation: Work cat.: (OSt)3621: Hildebrand, Verna, autor 9303, Fundamentos de educación infantil : , 2002.